000 00403nam a2200193Ia 4500
001 14194
003 GE_BSU
008 181216s||||||||xx |||||||||||||| ||und||
040 _cGE_BSU
080 _a821.111-31
100 _aKing,Stephen
245 _aChristine
260 _aLondon
260 _bBook club Associates
260 _c1983
300 _a482p.20cm.
653 _aChristine
942 _cBK
999 _c47333
_d47333